Cabinet of Joe Biden - Statistics

General Stats
  • This quiz has been taken 514 times
  • The average score is 11 of 26
Answer Stats
Office Date Answer % Correct
Vice President January 20, 2021 Kamala Harris
100%
Secretary of Transportation February 3, 2021 Pete Buttigieg
79%
Secretary of State January 26, 2021 Anthony Blinken
77%
Secretary of the Treasury January 26, 2021 Janet Yellen
72%
Attorney General March 11, 2021 Merrick Garland
69%
Secretary of Defense January 22, 2021 Lloyd Austin
59%
Secretary of the Interior March 16, 2021 Deb Haaland
52%
Secretary of Agriculture February 24, 2021 Tom Vilsack
46%
Secretary of Housing and Urban Development March 10, 2021 Marcia Fudge
45%
Secretary of Homeland Security February 2, 2021 Alejandro Mayorkas
42%
Secretary of Commerce March 3, 2021 Gina Raimondo
42%
Secretary of Labor March 23, 2021 Marty Walsh
40%
Secretary of Energy February 25, 2021 Jennifer Granholm
39%
White House Chief of Staff January 20, 2021 Ron Klain
37%
Secretary of Health and Human Services March 19, 2021 Xavier Becerra
35%
United States Ambassador to the United Nations February 25, 2021 Linda Thomas-Greenfield
29%
Secretary of Education March 2, 2021 Miguel Cardona
28%
Secretary of Veterans Affairs February 9, 2021 Denis McDonough
27%
Director of National Intelligence January 21, 2021 Avril Haines
25%
United States Trade Representative March 18, 2021 Katherine Tai
25%
Administrator of the Environmental Protection Agency March 11, 2021 Michael Regan
21%
Director of the Office of Management and Budget March 24, 2021* Shalanda Young
15%
Chair of the Council of Economic Advisors March 12, 2021 Cecilia Rouse
12%
Administrator of the Small Business Administration March 17, 2021 Isabel Guzman
12%
Director of the Office of Science and Technology Policy June 2, 2021 Eric Lander
11%
Science Advisor to the President June 2, 2021 Eric Lander
11%
No matching quizzes found
Score Distribution
Percent of People with Each Score
Percentile by Number Answered
Your Score History
You have not taken this quiz